Soziale Einstellungen

Salvato in:
Dettagli Bibliografici
Autore principale: Schmidt, Hans Dieter
Altri autori: Brunner, Ewald Johannes, Schmidt-Mummendey, Amélie
Natura: Libro
Lingua:tedesco
Pubblicazione: München Juventa 1975
Tags: Aggiungi Tag
Nessun Tag, puoi essere il primo ad aggiungerne!!

MARC

LEADER 00000nam a2200000 4500
001 c142531
005 20041019155325.1
041 0 |a ger 
044 |a DE 
245 1 0 |a Soziale Einstellungen  |c Hans Dieter Schmidt, Ewald Johannes Brunner, Amélie Schmidt-Mummendey 
264 1 |a München  |b Juventa  |c 1975 
300 |a 232 s. 
100 1 |a Schmidt, Hans Dieter 
700 1 |a Brunner, Ewald Johannes 
700 1 |a Schmidt-Mummendey, Amélie